The new Singapore horror collection
| Main Author: | |
|---|---|
| Format: | Book |
| Published: |
Singapore :
Marshall Cavendish Editions ,
2019
|
| Subjects: |
MARC
| LEADER | 00000cam a2200000 7i4500 | ||
|---|---|---|---|
| 001 | 0000278989 | ||
| 005 | 20210331103422.0 | ||
| 020 | |a 9789814868228 | ||
| 090 | 0 | 0 | |a F |b HUA |
| 100 | 1 | |a Huang, S.J. | |
| 245 | 1 | 4 | |a The new Singapore horror collection |c S.J.Huang |
| 260 | |a Singapore : |b Marshall Cavendish Editions , |c 2019 | ||
| 300 | |a 215p ; |c 20cm. | ||
| 650 | 0 | |a Fiction | |
| 999 | |a 00385946 |b BUKU |c PINJAMAN |e PERPUSTAKAAN KOMUNITI CAW BANDAR UTAMA | ||